Personas mas ricas del mundo. - Estadísticas

Estadísticas generales
  • Esta prueba ha sido intentada 104 veces
  • La puntuación promedio es 4 de 10
Estadísticas de respuestas
Oficio Millones Nombre % Correcto
CEO de Tesla Motors 243.700 M USD Elon Musk
99%
Presidente de Amazon 197.000 M USD Jeff Bezos
82%
Ex Director de Microsoft 137.200 M USD Bill Gates
77%
CEO de Meta 180.500 M USD Mark Zuckerberg
70%
Director de Berkshire Hathaway 149.900 M USD Warren Buffet
17%
Director de LVMH 189.700 M USD Bernard Arnault
13%
Ex CEO de Google 136.200 M USD Larry Page
12%
Ex CEO de Oracle 174.700 M USD Larry Ellison
10%
Presidente de Alphabet Inc.Cofundador de Google 130.400 M USD Sergey Brin
9%
Ex Director Microsoft 122.500 M USD Steve Ballmer
9%
No se encontraron pruebas coincidentes
Distribución de puntuación
Porcentaje de gente con cada puntuación
Porcentaje por número respondido
Historial de tus puntuaciones
No has intentado esta prueba.